| 000 | 00932nam a2200289 i 4500 | ||
|---|---|---|---|
| 001 | 000015544 | ||
| 003 | DO-SdBNP | ||
| 005 | 20260525091453.0 | ||
| 007 | ta | ||
| 008 | 100212s1976 dr a 000 h spa d | ||
| 040 |
_aDO-SdBNP _bspa _cBNPHU _erda |
||
| 041 | _aspa | ||
| 082 | 4 |
_aRD867.44 _bP438e 1976 _222 |
|
| 100 | 1 |
_aPérez, Mario Emilio, _d1935- _eautor _4aut. _922183 |
|
| 245 | 1 | 0 |
_aEstampas dominicanas : _b(cuarta entrega) / _cMario Emilio Pérez. |
| 264 |
_aSanto Domingo : _bEditora Taller, _c1976. |
||
| 300 |
_a187 páginas : _bilustraciones ; _c21 cm. |
||
| 336 |
_atexto _btxt _2rdacontent |
||
| 337 |
_asin mediación _bn _2rdamedia |
||
| 338 |
_avolumen _bnc _2rdacarrier |
||
| 490 | 0 |
_aBiblioteca Taller _v65 |
|
| 590 | _aInventariado, 2023/BT | ||
| 650 | 0 |
_aHumorismo dominicano _9275 |
|
| 650 | 4 |
_aLiteratura folclorica dominicana _926923 |
|
| 910 | _aValidado. Control de calidad MMOLINA | ||
| 942 |
_2ddc _cLBS1 |
||
| 999 |
_c15100 _d15100 |
||